000 00196nam a22000977a 4500
020 _a9788180061110
082 _aK390
245 _aWENDY THE FOX - EASY TO READ STORIES
300 _a16P
942 _cBK
999 _c7671
_d7671